|
|
|
|
| LEADER |
00000nab a2200000 a 4500 |
| 001 |
vtls010650752 |
| 003 |
SK-MaSNL |
| 005 |
20260305035413.0 |
| 008 |
150129 2014 xo 000 b slo |
| 015 |
|
|
|a SNBRA 2012/09
|2 svkbbbg
|
| 038 |
|
|
|a SVKBBBG
|
| 040 |
|
|
|a SVKBBBG
|b slo
|c SVKBBBG
|e AACR2
|
| 041 |
0 |
|
|a slo
|g eng
|
| 044 |
|
|
|a xo
|c SK
|
| 072 |
|
7 |
|a 14(3)
|x Antická, staroveká filozofia
|2 konspekt
|
| 072 |
|
7 |
|a 82-1/-8
|x Literatúra rôznych foriem a žánrov (o nej)
|2 konspekt
|
| 080 |
|
|
|a 14(38)
|2 2001
|
| 080 |
|
|
|a 82-1
|2 2001
|
| 080 |
|
|
|a 82-1-051
|2 2001
|
| 100 |
1 |
|
|a Chovanková, Anežka
|4 aut
|9 1126949
|
| 245 |
1 |
0 |
|a Homér a jeho tvorba v Platónovom dialógu Zákony
|c Anežka Chovanková
|
| 504 |
|
|
|a Bibliogr. odkazy ; pozn.
|
| 546 |
|
|
|a Abstrakt v angličtine
|
| 600 |
0 |
7 |
|a Homér,
|d činný 8. stor. pred Kr.
|2 SNKMA
|9 8773
|
| 600 |
0 |
7 |
|a Platón,
|d 427 pred Kr.-347 pred Kr.
|2 SNKMA
|9 46332
|
| 630 |
0 |
7 |
|a Zákony
|2 SVKBBPH
|9 302061
|
| 650 |
0 |
7 |
|a klasická grécka filozofia
|2 SNKPH
|9 66922
|
| 650 |
0 |
7 |
|a poézia
|2 SNKPH
|9 1274
|
| 650 |
0 |
7 |
|a básnici
|2 SNKPH
|9 31099
|
| 773 |
0 |
|
|t Reflexia Homéra v antickej filozofii
|d Banská Bystrica : Belianum, 2014
|g S.114-16
|z 9788055707679
|
| 852 |
|
|
|a SVKBB
|b KIS3GCP
|
| 958 |
|
|
|a NB
|
| 999 |
|
|
|c 3333653
|d 3335583
|